• 首页
  • 本馆介绍
  • 公告通知
  • 最新文献
  • 馆藏检索
  • 电子资源
  • 读者导购
  • 参考咨询
  • 我的图书馆
  • 登录
  • 详细信息显示
  • 放入我的书架
  • 预约/预借图书
  • 作者相关作品
  • 分类相关作品
  • 丛书相关作品
  • 出版社相关作品

书目信息

  • 表格格式
  • 工作单格式
  • 卡片格式
题名:
跨越Photoshop5.0超级使用手册
    
 
作者: 雪威多媒体工作室 编著
分册:  
出版信息: 北京   希望电脑  1998
页数: 403
开本: 26cm
丛书名:
单 册:
中图分类: TP319.41
科图分类:
主题词: 软件
电子资源:
ISBN: 7-980019-82-2
000 00606nam0 2200181 450
001 0737190390
005 20070818101950.39
010    @a7-980019-82-2@d¥55.00
100    @a20070818d km y0chiy0120 ea
101 0  @achi
200 1  @a跨越Photoshop5.0超级使用手册@Akua yue Photoshop5.0 chao ji shi yong shou ce@f雪威多媒体工作室编著@Fxue wei duo mei ti gong zuo shi bian zhu
210    @a北京@c希望电脑@d1998
215    @a403@d26cm
606 0  @a软件
690    @aTP319.41@v3
701  0 @a雪威多媒体工作室@Axue wei duo mei ti gong zuo shi@4编著
801  0 @aCN@bPFT@c20070818
905    @a213230@dTP319.41@eJ33@f1
    
    跨越Photoshop5.0超级使用手册/雪威多媒体工作室编著.-北京:希望电脑,1998
    403;26cm
    
    
    ISBN 7-980019-82-2:¥55.00
    
●
相关链接 在E读中查询图书 在五车中查询图书 在当当中查询图书 在豆瓣中查询图书


正题名:跨越Photoshop5.0超级使用手册     索取号:TP319.41/J33         预约/预借

序号 登录号 条形码 馆藏地/架位号 状态 备注
1 6100587   261005879   密集书库—计算机科学学院/ [索取号:TP319.41/J33] 在馆    
唐山师范学院图书馆 欢迎您!
大连网信软件有限公司© 版权所有